| 000 | 00461nam a2200145Ia 4500 | ||
|---|---|---|---|
| 008 | 170221s9999 xx 000 0 und d | ||
| 100 | _aAntonio Ciaglia | ||
| 245 | _aIn Press We Trust? A Comparative Study of Three European Press Systems | ||
| 245 | _cAntonio Ciaglia | ||
| 260 | _bStudies in Media and Communication | ||
| 260 | _c2016 | ||
| 650 | _xCommunication | ||
| 650 | _xMedia Arts | ||
| 856 | _uhttp://redfame.com/journal/index.php/smc/issue/view/6 | ||
| 999 |
_c309142 _d309142 |
||